Дело о происшествиях по городу Санкт-Петербургу

Доступно только в Электронных читальных залах Найти на картеНа карте
RUSMARC
00003701nmc2a22000003x 450
00192e1a4ef-ed4e-4f14-8333-cb2ffb05edd0
00520210422022850.0
100##$a20190329l18731873k l0rusy0189 ca
1010#$arus
102##$aRU
2001#$aДело о происшествиях по городу Санкт-Петербургу
$j8 января - 3 мая 1873 г.
$hЧасть 1
251##$cДело
300##$aПо части секретаря
801#0$aRU
$bРГИА
$c20190329
$gRCR
801#1$aRU
$bГлавНИВЦ
$c20190329
$2rusmarc
801#2$aRU
$bПБ им. Б.Н. Ельцина
$c20210422
$gRCR
$2rusmarc
850##$aРГИА
852##$aРГИА
$eФедеральное казенное учреждение "Российский государственный исторический архив" (РГИА)
$j1348
937##$hРГИА
$d12311868
$aASBIBLIO_SCAN
462#0$10014af67a45-48db-4e4b-9cc3-13b4608e89f1
$12001
$aДела Департамента полиции исполнительной МВД за 1873 год
$1251
$cОпись
$1852
$j34
$l1873 г.
461#0$10013e300ed0-cd39-49af-8489-5ba5b90fa401
$12001
$aДепартамент полиции исполнительной МВД
$1251
$cФонд
$1852
$j1286
215##$a163 л.
$d36,5х26 см
371##$aДокумент не является опубликованным и широко распространяемым
105##$ay###
1222#$ad
035##$a92e1a4ef-ed4e-4f14-8333-cb2ffb05edd0
856##$uhttp://readingroom.main.prlib.ru/item.aspx?id_node=n162957568&mode=full
Формат отображения